Sửa chữa máy thu hình màu

Giới thiệu nguyên lý và sơ đồ khối thu hình màu, máy thu hình kỹ thuật số, máy thu hình màu với màn hình Platma, màn hình tinh thể lõng LCTV. Đồng thời hướng dẫn sửa chữa máy thu hình màu

Đã lưu trong:
書目詳細資料
主要作者: Vũ, Đức Thọ
格式: 圖書
語言:Undetermined
出版: Hà Nội Giáo dục 2008
主題:
標簽: 添加標簽
沒有標簽, 成為第一個標記此記錄!
Thư viện lưu trữ: Trung tâm Học liệu Trường Đại học Cần Thơ
LEADER 00833nam a2200205Ia 4500
001 CTU_140295
008 210402s9999 xx 000 0 und d
020 |c 31000 
082 |a 621.3888 
082 |b Th400 
100 |a Vũ, Đức Thọ 
245 0 |a Sửa chữa máy thu hình màu 
245 0 |c Vũ Đức Thọ 
260 |a Hà Nội 
260 |b Giáo dục 
260 |c 2008 
520 |a Giới thiệu nguyên lý và sơ đồ khối thu hình màu, máy thu hình kỹ thuật số, máy thu hình màu với màn hình Platma, màn hình tinh thể lõng LCTV. Đồng thời hướng dẫn sửa chữa máy thu hình màu 
650 |a Television,Truyền hình 
904 |i Hải 
980 |a Trung tâm Học liệu Trường Đại học Cần Thơ